000 01432cam a2200337 a 4500
999 _c532571
_d532571
001 14479782
003 NUST
005 20191125162350.0
008 060803s2006 nyuab 001 0 eng
010 _a 2006280107
020 _a0071432183 (alk. paper)
038 _aMSOHAIL
040 _aDLC
_cDLC
_dDLC
050 0 0 _aTA684
_b.S79 2006
082 0 0 _a624.1821
_222
245 0 0 _aStructural steel designer's handbook :
_bAISC, AASHTO, AISI, ASTM, AREMA, and ASCE-07 design standards /
_cRoger L. Brockenbrough, editor, Frederick S. Merritt, editor.
250 _a4th ed.
260 _aNew York :
_bMcGraw-Hill,
_cc2006.
300 _a1 v. (various pagings) :
_bill., maps ;
_c25 cm.
500 _aIncludes index.
650 0 _aBuilding, Iron and steel.
_926165
650 0 _aSteel, Structural.
_926166
700 1 _aBrockenbrough, R. L.
_925472
700 1 _aMerritt, Frederick S.
_926167
856 4 2 _3Contributor biographical information
_uhttp://www.loc.gov/catdir/enhancements/fy0669/2006280107-b.html
856 4 2 _3Publisher description
_uhttp://www.loc.gov/catdir/enhancements/fy0669/2006280107-d.html
856 4 1 _3Table of contents only
_uhttp://www.loc.gov/catdir/enhancements/fy0669/2006280107-t.html
906 _a7
_bcbc
_corigcop
_d2
_encip
_f20
_gy-gencatlg
942 _2ddc
_cBK